000 00497nam a2200193 a 4500
001 1765801398835
003 YourLibrary
005 20251216153018.0
008 251215s2008##################000#0#eng##
020 _a9780521067393
082 0 4 _a230
_bDAV
100 1 _aDavies, Oliver,
_eauthor.
245 1 0 _aSilence and the Word :
260 _bCambridge University Press,
_c2008.
300 _a240 pages
650 0 _aReligion.
942 _cENGLISH
040 _aYourLibrary
_beng
_cYourLibrary
999 _c602713
_d602713